| 000 | 00717cam a2200241Ia 4500 | ||
|---|---|---|---|
| 008 | |||
| 020 | _a9781848130401 (pbk.) | ||
| 049 | _aMAIN | ||
| 090 |
_aHC800 _bGLE |
||
| 100 | 1 | _aGlennie, Jonathan. | |
| 245 | 1 | 4 |
_aThe trouble with aid : _bwhy less could mean more for Africa / _cJonathan Glennie. |
| 260 |
_aLondon : _bZed Books, _c 2008. |
||
| 300 |
_aix, 175 p. ; _c20 cm. |
||
| 440 | 1 | _aAfrican arguments. | |
| 500 | _aIncludes index. | ||
| 504 | _aIncludes bibliographical references. | ||
| 651 | 0 |
_aAfrica _xEconomic policy. |
|
| 907 |
_a.b10268224 _b30-04-10 _c02-10-09 |
||
| 003 | |||
| 005 | 20230123124953.0 | ||
| 040 | _cNUST | ||
| 942 |
_cBOOKS _kHC800 _mGLE |
||
| 999 |
_c133439 _d133439 |
||